Per la edizione nazionale delle opere di Galileo Galilei sotto gli auspici di S. M. il re d'Italia (Record no. 174948)

MARC details
000 -LEADER
campo de control de longitud fija 00553nam a22001455i 4500
001 - NÚMERO DE CONTROL
campo de control 174948
003 - IDENTIFICADOR DE NÚMERO DE CONTROL
campo de control ES-MaACL
005 - FECHA Y HORA DE LA ÚLTIMA TRANSACCIÓN
campo de control 20230906215713.0
008 - DATOS DE LONGITUD FIJA--INFORMACIÓN GENERAL
campo de control de longitud fija 100727s1889 it |||| | ita d
100 1# - ENTRADA PRINCIPAL--NOMBRE DE PERSONA
Nombre de persona Favaro, Antonio.
9 (RLIN) 48989
245 10 - MENCIÓN DEL TÍTULO
Título Per la edizione nazionale delle opere di Galileo Galilei sotto gli auspici di S. M. il re d'Italia
Resto del título : indice alfabetico e topografico del commercio epistolare /
Mención de responsabilidad, etc. [Antonio Favaro].
260 ## - PUBLICACIÓN, DISTRIBUCIÓN, ETC.
Lugar de publicación, distribución, etc. Firenze :
Nombre del editor, distribuidor, etc. [s.n.],
Fecha de publicación, distribución, etc. 1889 (
Fabricante Tip. di G. Barbèra)
300 ## - DESCRIPCIÓN FÍSICA
Extensión 23 p. ;
Dimensiones 30 cm.
852 ## - LOCALIZACIÓN
Ubicación ES-MaACL
Número de control de estantería T-501-F-4
Holdings
Estatus retirado Estado de pérdida Estado de daño No para préstamo Colección Biblioteca de origen Biblioteca actual Ubicación en estantería Fecha de adquisición Fuente de adquisición Total de préstamos Signatura topográfica completa Código de barras Visto por última vez Precio de reemplazo Tipo de ítem Koha
        Colección de folletos Biblioteca del Ateneo de Madrid Biblioteca del Ateneo de Madrid Depósito folletos 27/07/2010     T-501-F-4 1183684 23/02/2023 23/02/2023 Folleto